Problémy výkonnosti ekonomiky SR pred vstupom do EÚ
Ekonomika tranzitívnych krajín a transformačný proces. Výkonnosť ekonomiky SR. Podmienky, ktoré vytvárajú prostredie pre fungovanie podnikateľských subjektov. Vnútorné podmienky podnikateľských subjektov. Príčiny vzniku systémových porúch hospodárskej politiky. Potreba zmeny hospodárskej politiky š...
Salvato in:
| Autore principale: | |
|---|---|
| Natura: | Capitolo di libro |
| Lingua: | slovacco |
| Soggetti: | |
| Tags: |
Nessun Tag, puoi essere il primo ad aggiungerne!!
|
MARC
| LEADER | 00000naa$a2200000$$$4500 | ||
|---|---|---|---|
| 001 | 0014113 | ||
| 005 | 20221025100534.6 | ||
| 041 | 0 | |a slo | |
| 044 | |a SK | ||
| 245 | 1 | 0 | |a Problémy výkonnosti ekonomiky SR pred vstupom do EÚ |c Mária Farkašovská |
| 520 | |a Ekonomika tranzitívnych krajín a transformačný proces. Výkonnosť ekonomiky SR. Podmienky, ktoré vytvárajú prostredie pre fungovanie podnikateľských subjektov. Vnútorné podmienky podnikateľských subjektov. Príčiny vzniku systémových porúch hospodárskej politiky. Potreba zmeny hospodárskej politiky štátu v prospech rastových faktorov. | ||
| 610 | 2 | 0 | |a politika hospodárska |
| 610 | 2 | 0 | |a integrácia |
| 610 | 2 | 0 | |a prostredie podnikateľské |
| 610 | 2 | 0 | |a konkurencieschopnosť |
| 610 | 2 | 0 | |a výkonnosť ekonomiky |
| 610 | 2 | 0 | |a transformácia |
| 610 | 2 | 0 | |a Slovensko |
| 610 | 2 | 0 | |a Európska únia |
| 100 | 1 | |a Farkašovská, Mária | |